000 003110000a22001450004500
003 MACL
040 _aMACL
090 _c2227
_d2227
100 _aSalwi, Dilip M.
245 _aMen Who Built Computers
260 _bPublication Division
_c2006
350 _a80
650 _aComputer Science
942 _cBOOK
_k004
999 _c2212
_d2212